| 000 | 00942nam a22003017a 4500 | ||
|---|---|---|---|
| 001 | 5752 | ||
| 003 | FISKH | ||
| 005 | 20250807143146.0 | ||
| 008 | 250120b cb ||||| |||| 00| 0 eng d | ||
| 020 | _a0439086302 | ||
| 040 |
_aFISKH _beng _cFISKH _dFISKH |
||
| 050 | _aPZ7.K868 | ||
| 082 | _a468.6 | ||
| 100 |
_aKraus, Robert _d(1925–2001) |
||
| 245 |
_aHerman the helper / _cBy Robert Kraus Pictures by Jose Aruego & Ariane Dewey |
||
| 260 |
_aNew York : _bScholastic, _c1974. |
||
| 300 |
_a32 pages : _bcolor illustrations ; _c28 cm |
||
| 505 | _aE | ||
| 520 | _aHerman the helpful octopus is always willing to assist anyone who needs his help--old or young, friend or enemy. | ||
| 521 | 8 |
_a290
_bLexile |
|
| 521 | 8 |
_aE
_bRaz-Plus |
|
| 650 |
_2Fiction _aFamily |
||
| 650 |
_2Animals _aOctopuses |
||
| 700 |
_aAruego, Jose _dillustrator |
||
| 700 |
_aDewey, Arianae _eillustrator |
||
| 942 |
_2ddc _cBK _n0 |
||
| 999 |
_c5752 _d5752 |
||